Avoid murky waters (Record no. 82065)

MARC details
000 -LEADER
fixed length control field 01065cam a22002175a 4500
001 - CONTROL NUMBER
control field L149120
008 - FIXED-LENGTH DATA ELEMENTS--GENERAL INFORMATION
fixed length control field 100113e20091212xxk 000 0 eng d
035 ## - SYSTEM CONTROL NUMBER
System control number (Sirsi) u149120
041 0# - LANGUAGE CODE
Language code of text/sound track or separate title eng
100 1# - MAIN ENTRY--PERSONAL NAME
Personal name Burnett-Hall, Richard
100 1# - MAIN ENTRY--PERSONAL NAME
Personal name Lethbridge, Alexandra
245 00 - TITLE STATEMENT
Title Avoid murky waters
260 ## - PUBLICATION, DISTRIBUTION, ETC.
Date of publication, distribution, etc. 2009
490 ## - SERIES STATEMENT
Series statement Estates Gazette
Volume/sequential designation (0949) 12 December 2009, 66-67(2)
520 ## - SUMMARY, ETC.
Summary, etc. Lenders enforcing charges on a property where the borrower defaults on its repayments may take on unknown liabilities if it is environmentally contaminated. Outlines liabilities and risks a lender may face. Suggests lender may face four risk categories including credit, security, liability and reputational. From April 2010 companies which breach environmental controls will be exposed to potentially large civil penalites under the Environmental Civil Sanctions Order 2010.
590 ## - LOCAL NOTE (RLIN)
Local note KA
650 24 - SUBJECT ADDED ENTRY--TOPICAL TERM
Topical term or geographic name entry element ENVIRONMENTAL PROTECTION ACT 1990
651 #4 - SUBJECT ADDED ENTRY--GEOGRAPHIC NAME
Geographic name ENGLAND AND WALES
690 ## - LOCAL SUBJECT ADDED ENTRY--TOPICAL TERM (OCLC, RLIN)
Topical term or geographic name as entry element PROPERTY-RURAL AND NATURAL ASSETS-LAND-CONTAMINATED LAND
942 ## - ADDED ENTRY ELEMENTS (KOHA)
Suppress in OPAC 0
Holdings
Withdrawn status Lost status Source of classification or shelving scheme Damaged status Not for loan Home library Current library Shelving location Date acquired Total Checkouts Full call number Barcode Date last seen Copy number Price effective from Koha item type
    Dewey Decimal Classification     London London Journal article 13/01/2010   L149120 149120-1001 06/08/2019 1 06/08/2019 Journal article